000
00333nam a2200133Ia 4500
008
231017s9999 xx 000 0 und d
082
_a
388.324098
082
_b
HAR
245
0
_a
NCHRP Report 505: Review of Truck Characteristics as Factors in Roadway Design
245
0
_c
TRB
260
_b
TRB
300
_c
30cm
942
_c
REP
999
_c
604129
_d
604129